• 首页
  • 本馆介绍
  • 公告通知
  • 最新文献
  • 馆藏检索
  • 电子资源
  • 读者导购
  • 参考咨询
  • 我的图书馆
  • 登录
  • 详细信息显示
  • 放入我的书架
  • 预约/预借图书
  • 作者相关作品
  • 分类相关作品
  • 丛书相关作品
  • 出版社相关作品

书目信息

  • 表格格式
  • 工作单格式
  • 卡片格式
题名:
口腔修复专业护理教程
    
 
作者: 徐军 主编
分册:  
出版信息: 北京   人民卫生出版社  2009.07
页数: 183页
开本: 20cm
丛书名:
单 册:
中图分类: R473.78 , R473.78-43
科图分类:
主题词: 护理学
电子资源:
ISBN: 978-7-117-09303-3
000 00592nam0 2200205 450
001 1156137141
005 20110914153711.34
010    @a978-7-117-09303-3@dCNY42.00
100    @a20110914d2009 km y0chiy0120 ea
101 0  @achi
102    @aCN@b110000
200 1  @a口腔修复专业护理教程@Akou qiang xiu fu zhuan ye hu li jiao cheng@f徐军主编@Fxu jun zhu bian
210    @a北京@c人民卫生出版社@d2009.07
215    @a183页@d20cm
606 0  @a护理学
690    @aR473.78@v4
690    @aR473.78-43@v5
701  0 @a徐军@Axu jun@4主编
801  0 @aCN@bNISOFT@c20110914
905    @aBZT@dR473.78-43@e1
    
    口腔修复专业护理教程/徐军主编.-北京:人民卫生出版社,2009.07
    183页;20cm
    
    
    ISBN 978-7-117-09303-3:CNY42.00
    
●
相关链接 在五车中查询图书 在当当中查询图书 在豆瓣中查询图书


正题名:口腔修复专业护理教程     索取号:R473.78-43/1         预约/预借

序号 登录号 条形码 馆藏地/架位号 状态 备注
1 794619   2000794619   样本书库/样003架B面5层3列/ [索取号:R473.78-43/1] 在馆    
2 794620   2000794620   中心书库中库/ 中库008架B面3列3层63/ [索取号:R473.78-43/1] 在馆    
3 794621   2000794621   中心书库中库/ 中库008架B面3列3层64/ [索取号:R473.78-43/1] 在馆    
4 794622   2000794622   中心书库中库/ 中库008架B面3列3层62/ [索取号:R473.78-43/1] 在馆    
5 794623   2000794623   中心书库中库/ 中库008架B面6列3层49/ [索取号:R473.78-43/1] 在馆    
山东省滨州职业学院图书馆 欢迎您!
大连网信软件有限公司© 版权所有